[Event "Deutsche Schnellschachmeisterschaft 201"]
[Site "Gladenbach"]
[Date "2013.09.28"]
[Round "5.1"]
[White "Glek, Igor"]
[Black "Zelbel, Patrick"]
[Result "1-0"]
[WhiteElo "2460"]
[BlackElo "2393"]
[PlyCount "57"]
[EventDate "2013.09.??"]
[EventType "swiss (rapid)"]
[EventRounds "9"]
[EventCountry "GER"]
[WhiteClock "0:16:08"]
[BlackClock "0:07:56"]

1. e4 c5 2. Nf3 d6 3. Bb5+ Nd7 4. O-O Ngf6 5. Re1 a6 6. Bf1 g6 7. c3 Ne5 8. d4
Nxf3+ 9. Qxf3 Bg4 10. Qg3 Be6 11. d5 Bc8 12. c4 Bg7 13. Nc3 Ng4 14. h3 Be5 15.
Bf4 Bxf4 16. Qxf4 Ne5 17. Qh6 Qb6 18. Qg7 Rf8 19. f4 Qxb2 20. Rac1 Bxh3 21.
fxe5 O-O-O 22. gxh3 Rg8 23. Qh6 g5 24. Qh5 dxe5 25. Qe2 Qb6 26. Qf2 g4 27. Qf5+
e6 28. Qxf7 gxh3+ 29. Kh1 1-0

[Event "Deutsche Schnellschachmeisterschaft 201"]
[Site "Gladenbach"]
[Date "2013.09.28"]
[Round "5.3"]
[White "Spiess, Gunter"]
[Black "Vatter, Hans-Joachim"]
[Result "1/2-1/2"]
[WhiteElo "2429"]
[BlackElo "2288"]
[PlyCount "112"]
[EventDate "2013.09.??"]
[EventType "swiss (rapid)"]
[EventRounds "9"]
[EventCountry "GER"]
[WhiteClock "0:00:47"]
[BlackClock "0:04:30"]

1. d4 d6 2. Nf3 Bg4 3. c4 e5 4. Nc3 Nd7 5. e3 Ngf6 6. Be2 Be7 7. O-O O-O 8. e4
c6 9. Be3 a6 10. d5 c5 11. Nd2 Bxe2 12. Qxe2 Ne8 13. Nf3 g6 14. Rfb1 Ng7 15. b4
b6 16. bxc5 bxc5 17. Rb3 Qc7 18. Rab1 Rab8 19. Qc2 Rxb3 20. Rxb3 f5 21. Bh6 f4
22. Qb2 Rb8 23. Bxg7 Kxg7 24. Qa3 Rxb3 25. axb3 Qb6 26. Ne1 Bd8 27. Qa4 Nf6 28.
Nc2 Qa5 29. b4 cxb4 30. Qxb4 Qxb4 31. Nxb4 Ba5 32. Nba2 Nd7 33. Na4 Nb6 34.
Nxb6 Bxb6 35. Kf1 Kf6 36. Ke2 g5 37. f3 h5 38. Kd3 g4 39. Nc3 Bd4 40. Na4 a5
41. c5 Bxc5 42. Nxc5 dxc5 43. Kc4 a4 44. Kc3 h4 45. h3 gxf3 46. gxf3 Ke7 47.
Kc4 Kd6 48. Kc3 Kc7 49. Kc4 Kb6 50. Kc3 Kb5 51. Kb2 c4 52. Kc2 a3 53. Kc3 Kc5
54. Kc2 Kb6 55. Kc3 Kc5 56. Kc2 c3 1/2-1/2

[Event "Deutsche Schnellschachmeisterschaft 201"]
[Site "Gladenbach"]
[Date "2013.09.28"]
[Round "5.4"]
[White "Matthey, Harald"]
[Black "Kraemer, Martin"]
[Result "0-1"]
[WhiteElo "2233"]
[BlackElo "2542"]
[PlyCount "52"]
[EventDate "2013.09.??"]
[EventType "swiss (rapid)"]
[EventRounds "9"]
[EventCountry "GER"]
[WhiteClock "0:04:03"]
[BlackClock "0:16:50"]

1. d4 Nf6 2. Nf3 e6 3. g3 b5 4. Bg2 d5 5. O-O Be7 6. Ne5 Nfd7 7. f4 Bb7 8. Nd2
c5 9. c3 Nxe5 10. fxe5 cxd4 11. cxd4 O-O 12. Nb3 a5 13. a4 bxa4 14. Rxa4 Bc6
15. Ra2 Qb6 16. Be3 Nd7 17. Bf2 Bb5 18. Nd2 Rfc8 19. b3 Bb4 20. Nf3 Qa6 21. Be3
Rc3 22. Bf2 Rac8 23. Qb1 Bxe2 24. Ng5 Bd3 25. Qd1 Bxf1 26. Qh5 Bd3 0-1

[Event "Deutsche Schnellschachmeisterschaft 201"]
[Site "Gladenbach"]
[Date "2013.09.28"]
[Round "5.5"]
[White "Carow, Johannes"]
[Black "Haeussler, Phillip"]
[Result "1-0"]
[WhiteElo "2375"]
[BlackElo "2111"]
[PlyCount "145"]
[EventDate "2013.09.??"]
[EventType "swiss (rapid)"]
[EventRounds "9"]
[EventCountry "GER"]
[WhiteClock "0:00:23"]
[BlackClock "0:00:08"]

1. d4 e6 2. c4 f5 3. g3 Nf6 4. Bg2 Bb4+ 5. Nd2 Nc6 6. Ngf3 d6 7. a3 Bxd2+ 8.
Qxd2 e5 9. dxe5 dxe5 10. Qxd8+ Kxd8 11. b4 e4 12. Ng5 Ke7 13. Bb2 Be6 14. Rc1
Rad8 15. f3 exf3 16. exf3 h6 17. Nxe6 Kxe6 18. O-O Kf7 19. Rfd1 Rxd1+ 20. Rxd1
Rd8 21. Rxd8 Nxd8 22. Be5 Ne6 23. f4 b6 24. Bf3 g6 25. Kf2 h5 26. h3 Nd7 27.
Bc3 Ke7 28. Ke3 Nf6 29. Bb2 Nd8 30. Be5 Ne6 31. Bd5 Ne8 32. Kf3 Kd7 33. b5 Nd6
34. g4 hxg4+ 35. hxg4 Ke7 36. gxf5 gxf5 37. Kg3 Nc5 38. Kh4 Nce4 39. Kh5 Nf6+
40. Kg6 Nfe4 41. a4 Ng3 42. Bf6+ Kd7 43. Bc6+ Ke6 44. Bd5+ Kd7 45. Kh7 Ne2 46.
Be5 Ke7 47. Kg7 Ng3 48. Bf6+ Kd7 49. Be5 Ke7 50. Kg6 Nge4 51. Bxd6+ Nxd6 52.
Kg5 Ne4+ 53. Kxf5 Nc5 54. Kg6 Nd7 55. Kg7 Nf6 56. f5 Ng4 57. Bf3 Nf6 58. Bc6
Ng4 59. Kg6 Nf6 60. Kg5 Nh7+ 61. Kf4 Kf6 62. Be8 Ng5 63. Bg6 Nh3+ 64. Ke4 Ng5+
65. Kd5 Ke7 66. Kc6 Kd8 67. f6 Ne6 68. f7 Ke7 69. Kb7 Kd6 70. Bf5 Nf8 71. Kxa7
Ke7 72. Kb7 Kd6 73. Kc8 1-0

[Event "Deutsche Schnellschachmeisterschaft 201"]
[Site "Gladenbach"]
[Date "2013.09.28"]
[Round "5.6"]
[White "Margolin, Boris"]
[Black "Lang, Torsten"]
[Result "1-0"]
[WhiteElo "2419"]
[BlackElo "2332"]
[PlyCount "123"]
[EventDate "2013.09.??"]
[EventType "swiss (rapid)"]
[EventRounds "9"]
[EventCountry "GER"]
[WhiteClock "0:00:45"]
[BlackClock "0:00:13"]

1. e4 g6 2. d4 Bg7 3. Nf3 d6 4. Nc3 a6 5. a4 Nf6 6. h3 O-O 7. Be3 Nc6 8. Be2 e5
9. dxe5 dxe5 10. Bc5 Re8 11. Qxd8 Nxd8 12. O-O-O Ne6 13. Be3 Nd7 14. Bc4 Nb8
15. Ng5 Nc6 16. Nxe6 Bxe6 17. Bxe6 Rxe6 18. Rd7 Re7 19. Rxe7 Nxe7 20. Rd1 Rc8
21. Rd7 Bf8 22. Bg5 Nc6 23. Nd5 Bd6 24. Bh6 Bf8 25. Nf6+ Kh8 26. Bxf8 Rxf8 27.
c3 Kg7 28. Nd5 Rc8 29. b4 h5 30. Kc2 h4 31. Kd3 Kf8 32. Rxc7 Rxc7 33. Nxc7 Ke7
34. Nd5+ Kd6 35. Nb6 Ke6 36. Nc4 f6 37. Nd2 Kd6 38. Nf3 g5 39. Nd2 Nd8 40. Nc4+
Ke6 41. Ne3 Nf7 42. Nf5 Kd7 43. g3 g4 44. gxh4 gxh3 45. Ng3 Ke6 46. Ke3 Nd6 47.
Kf3 b6 48. Nf5 Nc4 49. Kg3 Nd2 50. f3 h2 51. Kxh2 Nxf3+ 52. Kh3 Nd2 53. Ng3 b5
54. axb5 axb5 55. h5 Nb1 56. h6 Kf7 57. c4 bxc4 58. b5 c3 59. Ne2 Nd2 60. b6
Nxe4 61. b7 Ng5+ 62. Kg2 1-0

[Event "Deutsche Schnellschachmeisterschaft 201"]
[Site "Gladenbach"]
[Date "2013.09.29"]
[Round "6.1"]
[White "Poetsch, Hagen"]
[Black "Glek, Igor"]
[Result "0-1"]
[WhiteElo "2468"]
[BlackElo "2460"]
[PlyCount "84"]
[EventDate "2013.09.??"]
[EventType "swiss (rapid)"]
[EventRounds "9"]
[EventCountry "GER"]
[WhiteClock "0:00:37"]
[BlackClock "0:00:26"]

1. e4 e6 2. d4 d5 3. Nc3 Bb4 4. a3 Bxc3+ 5. bxc3 dxe4 6. Qg4 Nf6 7. Qxg7 Rg8 8.
Qh6 Nbd7 9. Ne2 b6 10. Ng3 Bb7 11. Be2 Qe7 12. a4 c5 13. a5 O-O-O 14. axb6 axb6
15. O-O Nd5 16. Bb2 Rg6 17. Qd2 Qh4 18. Ba6 Nf4 19. Bxb7+ Kxb7 20. Bc1 Nd5 21.
c4 N5f6 22. h3 Ne5 23. Qf4 Qxf4 24. Bxf4 Nxc4 25. dxc5 Nd5 26. Bc1 f5 27. cxb6
Rdg8 28. Rd1 e3 29. Rd4 exf2+ 30. Kxf2 Rxg3 31. Rxc4 Rxg2+ 32. Ke1 Rg1+ 33. Kf2
R8g2+ 34. Kf3 Rg3+ 35. Kf2 R1g2+ 36. Kf1 Rg1+ 37. Kf2 R3g2+ 38. Kf3 e5 39. Ra7+
Kxb6 40. Be3+ Nxe3 41. Rcc7 Rg3+ 42. Ke2 R1g2+ 0-1

[Event "Deutsche Schnellschachmeisterschaft 201"]
[Site "Gladenbach"]
[Date "2013.09.29"]
[Round "6.2"]
[White "Kraemer, Martin"]
[Black "Zelbel, Patrick"]
[Result "1-0"]
[WhiteElo "2542"]
[BlackElo "2393"]
[PlyCount "63"]
[EventDate "2013.09.??"]
[EventType "swiss (rapid)"]
[EventRounds "9"]
[EventCountry "GER"]
[WhiteClock "0:03:33"]
[BlackClock "0:00:30"]

1. d4 Nf6 2. c4 e6 3. g3 c5 4. d5 exd5 5. cxd5 d6 6. Nc3 g6 7. Bg2 Bg7 8. Nf3
O-O 9. O-O a6 10. a4 Nbd7 11. Bf4 Qe7 12. e4 Ng4 13. Bg5 f6 14. Bd2 Nge5 15.
Nxe5 Nxe5 16. Qe2 c4 17. b3 cxb3 18. Rab1 Nd7 19. Rxb3 Nc5 20. Rbb1 f5 21. Rfe1
fxe4 22. Nxe4 Nxe4 23. Qxe4 Qf7 24. Qf4 Bf5 25. Rb6 Rae8 26. Be3 Be5 27. Qb4
Qf6 28. Rc1 Rc8 29. Rxc8 Rxc8 30. Rxb7 Bc3 31. Qf4 Ba5 32. Bd4 1-0

[Event "Deutsche Schnellschachmeisterschaft 201"]
[Site "Gladenbach"]
[Date "2013.09.29"]
[Round "6.3"]
[White "Donchenko, Anatoli"]
[Black "Carow, Johannes"]
[Result "1-0"]
[WhiteElo "2467"]
[BlackElo "2375"]
[PlyCount "79"]
[EventDate "2013.09.??"]
[EventType "swiss (rapid)"]
[EventRounds "9"]
[EventCountry "GER"]
[WhiteClock "0:04:55"]
[BlackClock "0:01:33"]

1. Nf3 c5 2. c4 Nc6 3. Nc3 g6 4. g3 Bg7 5. Bg2 e6 6. O-O Nge7 7. e3 O-O 8. d4
cxd4 9. Nxd4 Nxd4 10. exd4 d6 11. b3 Nf5 12. Bb2 Bxd4 13. g4 Bxc3 14. Bxc3 Nh4
15. Bh1 e5 16. h3 Qe7 17. Qd5 Be6 18. Qxb7 Qg5 19. f4 exf4 20. Qe4 f3 21. Qd4
f6 22. Rae1 Nf5 23. Qd2 Qxd2 24. Bxd2 Nd4 25. Re4 Ne2+ 26. Kf2 Bd7 27. Bxf3 f5
28. gxf5 Bxf5 29. Rxe2 Bd3 30. Rfe1 Bxe2 31. Rxe2 Rae8 32. Rxe8 Rxe8 33. Bf4
Rd8 34. Bd5+ Kg7 35. b4 Kf6 36. b5 g5 37. Be3 Rd7 38. a4 Ke5 39. a5 h5 40. Bxg5
1-0

[Event "Deutsche Schnellschachmeisterschaft 201"]
[Site "Gladenbach"]
[Date "2013.09.29"]
[Round "6.5"]
[White "Ortmann, David"]
[Black "Panzalovic, Srdjan"]
[Result "1-0"]
[WhiteElo "2308"]
[BlackElo "2459"]
[PlyCount "77"]
[EventDate "2013.09.??"]
[EventType "swiss (rapid)"]
[EventRounds "9"]
[EventCountry "GER"]
[WhiteClock "0:03:33"]
[BlackClock "0:02:50"]

1. Nf3 Nf6 2. c4 g6 3. Nc3 Bg7 4. e4 d6 5. d4 O-O 6. Be2 e5 7. O-O Na6 8. Be3
Ng4 9. Bg5 f6 10. Bh4 g5 11. Bg3 Nh6 12. h3 c6 13. Qb3 Kh8 14. Rfd1 Qe7 15. Qa3
Nf7 16. b4 Nc7 17. Rac1 g4 18. hxg4 Bxg4 19. d5 cxd5 20. cxd5 Rfc8 21. Nh4 Bd7
22. Qb3 Nh6 23. Bd3 f5 24. Nxf5 Nxf5 25. exf5 Bh6 26. Rc2 Ne8 27. Ne2 Rxc2 28.
Bxc2 Ng7 29. f4 Nxf5 30. Bxf5 Bxf5 31. fxe5 Bg4 32. Qd3 Qg5 33. Bf4 Qh5 34. Ng3
Qh4 35. Rf1 Bxf4 36. Rxf4 dxe5 37. Rf7 Rc8 38. Qe3 Kg8 39. Rxb7 1-0

[Event "Deutsche Schnellschachmeisterschaft 201"]
[Site "Gladenbach"]
[Date "2013.09.29"]
[Round "6.6"]
[White "Lang, Torsten"]
[Black "Spiess, Gunter"]
[Result "1/2-1/2"]
[WhiteElo "2332"]
[BlackElo "2429"]
[PlyCount "76"]
[EventDate "2013.09.??"]
[EventType "swiss (rapid)"]
[EventRounds "9"]
[EventCountry "GER"]
[WhiteClock "0:00:34"]
[BlackClock "0:01:21"]

1. d4 d5 2. Bf4 c5 3. c3 Nc6 4. e3 Qb6 5. Qb3 c4 6. Qc2 e5 7. dxe5 Bf5 8. Qc1
g5 9. Bg3 Bg7 10. Nf3 h5 11. h3 Nge7 12. Nbd2 g4 13. hxg4 hxg4 14. Rxh8+ Bxh8
15. Nd4 Nxe5 16. Bxe5 Bxe5 17. Nxf5 Nxf5 18. Qc2 Nxe3 19. fxe3 Qxe3+ 20. Kd1
Bf4 21. Be2 O-O-O 22. Qf5+ Kb8 23. Nf1 Qf2 24. g3 Bxg3 25. Qxf2 Bxf2 26. Bxg4
d4 27. Ke2 dxc3 28. bxc3 Bh4 29. Rd1 Re8+ 30. Kd2 Re5 31. Kc2 Ra5 32. Kb2 Rb5+
33. Kc1 Bf6 34. Nd2 Ra5 35. Nxc4 Rxa2 36. Rd3 Ra4 37. Ne3 Bg5 38. Be2 f5
1/2-1/2

[Event "Deutsche Schnellschachmeisterschaft 201"]
[Site "Gladenbach"]
[Date "2013.09.29"]
[Round "7.2"]
[White "Margolin, Boris"]
[Black "Donchenko, Anatoli"]
[Result "1/2-1/2"]
[WhiteElo "2419"]
[BlackElo "2467"]
[PlyCount "57"]
[EventDate "2013.09.??"]
[EventType "swiss (rapid)"]
[EventRounds "9"]
[EventCountry "GER"]
[WhiteClock "0:12:13"]
[BlackClock "0:10:28"]

1. e4 c5 2. Nf3 d6 3. c3 Nf6 4. Bd3 Bg4 5. Bc2 e6 6. d3 Be7 7. Nbd2 Nc6 8. h3
Bh5 9. Nf1 d5 10. Qe2 Qc7 11. Ng3 Bg6 12. Bg5 Rd8 13. O-O O-O 14. Rae1 b5 15.
Nh4 b4 16. Nxg6 hxg6 17. Ba4 Nxe4 18. Nxe4 dxe4 19. Qxe4 Bxg5 20. Bxc6 bxc3 21.
bxc3 Bd2 22. Rb1 Rd6 23. Bb5 Bxc3 24. Bc4 Rb8 25. Qf3 Bd4 26. h4 Rdb6 27. Rb3
Qe5 28. g3 Qf5 29. Kg2 1/2-1/2

[Event "Deutsche Schnellschachmeisterschaft 201"]
[Site "Gladenbach"]
[Date "2013.09.29"]
[Round "7.3"]
[White "Poetsch, Hagen"]
[Black "Vatter, Hans-Joachim"]
[Result "1-0"]
[WhiteElo "2468"]
[BlackElo "2288"]
[PlyCount "59"]
[EventDate "2013.09.??"]
[EventType "swiss (rapid)"]
[EventRounds "9"]
[EventCountry "GER"]
[WhiteClock "0:12:51"]
[BlackClock "0:11:44"]

1. e4 c5 2. Nf3 Nc6 3. b4 Nxb4 4. c3 Nc6 5. d4 cxd4 6. cxd4 d5 7. exd5 Qxd5 8.
Nc3 Qa5 9. Bd2 e6 10. Bc4 Bb4 11. Qc2 Nf6 12. O-O O-O 13. a3 Bxc3 14. Bxc3 Qd8
15. Rad1 Nd5 16. Bd2 h6 17. Qe4 f5 18. Qd3 Bd7 19. Rfe1 Rc8 20. Bxd5 exd5 21.
Qb3 Be8 22. Qxb7 Bh5 23. Rc1 Rf7 24. Qa6 Rf6 25. Ba5 Qf8 26. Bb4 Qd8 27. Ne5
Ne7 28. Qxa7 Rxc1 29. Rxc1 Ng6 30. Rc7 1-0

[Event "Deutsche Schnellschachmeisterschaft 201"]
[Site "Gladenbach"]
[Date "2013.09.29"]
[Round "7.4"]
[White "Carow, Johannes"]
[Black "Ortmann, David"]
[Result "0-1"]
[WhiteElo "2375"]
[BlackElo "2308"]
[PlyCount "88"]
[EventDate "2013.09.??"]
[EventType "swiss (rapid)"]
[EventRounds "9"]
[EventCountry "GER"]
[WhiteClock "0:02:52"]
[BlackClock "0:03:30"]

1. d4 d5 2. c4 c6 3. Nc3 Nf6 4. e3 a6 5. Qc2 b5 6. b3 Bg4 7. Nge2 e6 8. Ng3 Bd6
9. h3 Bh5 10. Nxh5 Nxh5 11. Be2 Nf6 12. O-O O-O 13. Bb2 Nbd7 14. a3 Rb8 15. a4
b4 16. Nb1 a5 17. Nd2 Rc8 18. e4 e5 19. f4 exd4 20. e5 Bc5 21. Kh1 Ne8 22. Nf3
g6 23. cxd5 cxd5 24. Rac1 Ng7 25. Qd3 Nf5 26. Nxd4 Bxd4 27. Bxd4 Qh4 28. Rxc8
Rxc8 29. Kh2 Nc5 30. Bxc5 Rxc5 31. Rf3 d4 32. Qe4 Rc3 33. e6 fxe6 34. Qxe6+ Kg7
35. Bd3 Ne3 36. Qd7+ Kh6 37. Qxd4 Ng4+ 38. Kg1 Qe1+ 39. Bf1 Rxf3 40. gxf3 Ne3
41. Qd3 Qg3+ 42. Kh1 Qxf3+ 43. Kg1 Qg3+ 44. Kh1 Qf2 0-1

[Event "Deutsche Schnellschachmeisterschaft 201"]
[Site "Gladenbach"]
[Date "2013.09.29"]
[Round "7.5"]
[White "Spiess, Gunter"]
[Black "Bode, Wilfried"]
[Result "0-1"]
[WhiteElo "2429"]
[BlackElo "2329"]
[PlyCount "68"]
[EventDate "2013.09.??"]
[EventType "swiss (rapid)"]
[EventRounds "9"]
[EventCountry "GER"]
[WhiteClock "0:00:10"]
[BlackClock "0:06:50"]

1. d4 g6 2. Nf3 Bg7 3. c4 d6 4. Nc3 Bg4 5. e3 c5 6. Be2 cxd4 7. exd4 Nc6 8. O-O
Nh6 9. d5 Bxf3 10. Bxf3 Ne5 11. Be2 O-O 12. Bd2 Nf5 13. Rc1 Rc8 14. b3 a6 15.
Re1 e6 16. f4 Nd7 17. Bg4 Re8 18. dxe6 fxe6 19. Bxf5 gxf5 20. Qf3 b5 21. cxb5
axb5 22. Qd3 Nc5 23. Qxb5 d5 24. b4 Bd4+ 25. Be3 Bxe3+ 26. Rxe3 Ne4 27. Ne2 Rb8
28. Qa5 Qf6 29. a3 Qb2 30. Qc7 Rbc8 31. Qxc8 Rxc8 32. Rxc8+ Kg7 33. Rc7+ Kg6
34. Rc1 d4 0-1

[Event "Deutsche Schnellschachmeisterschaft 201"]
[Site "Gladenbach"]
[Date "2013.09.29"]
[Round "7.6"]
[White "Zelbel, Patrick"]
[Black "Haeussler, Phillip"]
[Result "1-0"]
[WhiteElo "2393"]
[BlackElo "2111"]
[PlyCount "107"]
[EventDate "2013.09.??"]
[EventType "swiss (rapid)"]
[EventRounds "9"]
[EventCountry "GER"]
[WhiteClock "0:01:04"]
[BlackClock "0:00:23"]

1. e4 Nc6 2. Nc3 e6 3. d4 d5 4. Nf3 Nf6 5. e5 Nd7 6. a3 f6 7. exf6 Nxf6 8. Bf4
Bd6 9. Ne5 O-O 10. Bg3 Ne7 11. Bd3 Nf5 12. Bxf5 exf5 13. Bh4 c6 14. Bxf6 Qxf6
15. f4 Qh4+ 16. g3 Qd8 17. Qf3 Qc7 18. O-O Rb8 19. Rfe1 Qb6 20. Qf2 Qxb2 21.
Na4 Qb5 22. Nc5 Bxe5 23. Rxe5 b6 24. Nd3 Ba6 25. Re7 Rb7 26. Re6 Qc4 27. Rae1
Qc3 28. Nb4 Bb5 29. Qe3 Qxe3+ 30. R1xe3 Rc7 31. Re7 Rfc8 32. c3 Kf8 33. R7e5 g6
34. h3 Bc4 35. Kf2 a5 36. Nc2 c5 37. Re6 Rc6 38. Re7 R8c7 39. Re8+ Kf7 40. Rb8
Ba2 41. Ree8 Bb1 42. Ne3 Be4 43. Rh8 Kg7 44. Rbg8+ Kf7 45. Rb8 Kg7 46. Rbg8+
Kf7 47. Rd8 Kg7 48. Rhg8+ Kh6 49. g4 cxd4 50. cxd4 Rc2+ 51. Nxc2 Rxc2+ 52. Kg3
Rc3+ 53. Kh4 fxg4 54. hxg4 1-0

[Event "Deutsche Schnellschachmeisterschaft 201"]
[Site "Gladenbach"]
[Date "2013.09.29"]
[Round "8.1"]
[White "Kraemer, Martin"]
[Black "Poetsch, Hagen"]
[Result "1-0"]
[WhiteElo "2542"]
[BlackElo "2468"]
[PlyCount "53"]
[EventDate "2013.09.??"]
[EventType "swiss (rapid)"]
[EventRounds "9"]
[EventCountry "GER"]
[WhiteClock "0:05:48"]
[BlackClock "0:08:57"]

1. d4 d5 2. c4 c6 3. Nc3 dxc4 4. e4 b5 5. a4 b4 6. Nce2 e5 7. Nf3 exd4 8. Qxd4
Qxd4 9. Nexd4 Ba6 10. Ne5 Nf6 11. f3 Bc5 12. Be3 O-O 13. Bxc4 Bxc4 14. Nxc4
Nbd7 15. Kf2 Rac8 16. Rac1 Rfd8 17. Rhd1 Nb6 18. Nxb6 Bxb6 19. Nxc6 Rxd1 20.
Rxd1 Rxc6 21. Bxb6 Rc2+ 22. Kg1 Kf8 23. Bxa7 Rxb2 24. a5 b3 25. a6 Ra2 26. Bc5+
Ke8 27. a7 1-0

[Event "Deutsche Schnellschachmeisterschaft 201"]
[Site "Gladenbach"]
[Date "2013.09.29"]
[Round "8.2"]
[White "Ortmann, David"]
[Black "Glek, Igor"]
[Result "0-1"]
[WhiteElo "2308"]
[BlackElo "2460"]
[PlyCount "82"]
[EventDate "2013.09.??"]
[EventType "swiss (rapid)"]
[EventRounds "9"]
[EventCountry "GER"]
[WhiteClock "0:06:41"]
[BlackClock "0:01:33"]

1. Nf3 d6 2. d4 Nf6 3. c4 g6 4. Nc3 Bf5 5. g3 Bg7 6. Bg2 Ne4 7. Nh4 Nxc3 8.
bxc3 Bc8 9. O-O O-O 10. Qb3 Nc6 11. Ba3 Bd7 12. c5 Rb8 13. Rab1 b6 14. Qc2 dxc5
15. dxc5 Ne5 16. Rfd1 Qe8 17. Qe4 Bc6 18. Qf4 b5 19. Bb4 Nc4 20. Qxc7 Bxg2 21.
Nxg2 a5 22. a4 axb4 23. Rxb4 Bxc3 24. Rxb5 Be5 25. Qd7 Rd8 26. Qxd8 Qxd8 27.
Rxd8 Rxd8 28. Nf4 Ra8 29. c6 Bd6 30. Nd5 e6 31. Nf6+ Kg7 32. Ne4 Rxa4 33. Rb7
Ra6 34. Nxd6 Nxd6 35. Rc7 Ra1+ 36. Kg2 Rc1 37. Kf3 Nb5 38. Rb7 Nd4+ 39. Ke3
Nxc6 40. Rc7 Rc4 41. Kd3 Ne5+ {Kd4} 0-1

[Event "Deutsche Schnellschachmeisterschaft 201"]
[Site "Gladenbach"]
[Date "2013.09.29"]
[Round "8.3"]
[White "Donchenko, Anatoli"]
[Black "Zelbel, Patrick"]
[Result "1/2-1/2"]
[WhiteElo "2467"]
[BlackElo "2393"]
[PlyCount "23"]
[EventDate "2013.09.??"]
[EventType "swiss (rapid)"]
[EventRounds "9"]
[EventCountry "GER"]
[WhiteClock "0:24:55"]
[BlackClock "0:25:16"]

1. Nf3 c5 2. c4 Nc6 3. Nc3 g6 4. g3 Bg7 5. Bg2 e6 6. O-O Nge7 7. e3 O-O 8. d4
cxd4 9. Nxd4 d5 10. cxd5 Nxd4 11. exd4 Nxd5 12. Nxd5 1/2-1/2

[Event "Deutsche Schnellschachmeisterschaft 201"]
[Site "Gladenbach"]
[Date "2013.09.29"]
[Round "8.4"]
[White "Bode, Wilfried"]
[Black "Margolin, Boris"]
[Result "1/2-1/2"]
[WhiteElo "2329"]
[BlackElo "2419"]
[PlyCount "36"]
[EventDate "2013.09.??"]
[EventType "swiss (rapid)"]
[EventRounds "9"]
[EventCountry "GER"]
[WhiteClock "0:15:52"]
[BlackClock "0:12:35"]

1. g3 Nf6 2. Bg2 d5 3. Nf3 c6 4. O-O Bf5 5. c4 e6 6. d3 Nbd7 7. Nc3 h6 8. cxd5
cxd5 9. e4 dxe4 10. dxe4 Bh7 11. e5 Ne4 12. Nd4 Nxc3 13. bxc3 Nc5 14. Ba3 Rb8
15. Qg4 Qg5 16. Qd1 Qd8 17. Qg4 Qg5 18. Qd1 Qd8 1/2-1/2

[Event "Deutsche Schnellschachmeisterschaft 201"]
[Site "Gladenbach"]
[Date "2013.09.29"]
[Round "8.5"]
[White "Vatter, Hans-Joachim"]
[Black "Ulms, Sandra"]
[Result "1/2-1/2"]
[WhiteElo "2288"]
[BlackElo "2123"]
[PlyCount "98"]
[EventDate "2013.09.??"]
[EventType "swiss (rapid)"]
[EventRounds "9"]
[EventCountry "GER"]
[WhiteClock "0:07:10"]
[BlackClock "0:05:52"]

1. e4 c5 2. Nf3 Nc6 3. Bb5 g6 4. Bxc6 dxc6 5. d3 Bg7 6. O-O Bg4 7. Nbd2 e6 8.
Re1 Ne7 9. h3 Bxf3 10. Qxf3 O-O 11. Rb1 e5 12. Qg3 Nc8 13. Nc4 Qe7 14. f4 f6
15. fxe5 fxe5 16. Bg5 Qe6 17. b3 Nd6 18. Rf1 b6 19. Qh4 Rxf1+ 20. Rxf1 Rf8 21.
Rxf8+ Bxf8 22. Ne3 Nf7 23. Ng4 h5 24. Nh2 Nxg5 25. Qxg5 Be7 26. Qd2 Kg7 27. Nf3
Bf6 28. Kh2 Qf7 29. g3 Qe6 30. Kg2 Qd7 31. Qc3 Qe6 32. Qc4 Qxc4 33. dxc4 Kf7
34. Kf2 Ke6 35. Ke3 Bg7 36. Kd3 Bh6 37. c3 a5 38. Kc2 Be3 39. Kd3 Bc1 40. Ne1
Bh6 41. Ke2 Kd6 42. Nd3 Bg7 43. a3 Bf8 44. Kf3 Ke6 45. g4 Bh6 46. Ke2 hxg4 47.
hxg4 Bf8 48. Kf3 Bh6 49. Ke2 Bf8 1/2-1/2

[Event "Deutsche Schnellschachmeisterschaft 201"]
[Site "Gladenbach"]
[Date "2013.09.29"]
[Round "8.6"]
[White "Braeuer, Franz"]
[Black "Lang, Torsten"]
[Result "1-0"]
[WhiteElo "2285"]
[BlackElo "2332"]
[PlyCount "81"]
[EventDate "2013.09.??"]
[EventType "swiss (rapid)"]
[EventRounds "9"]
[EventCountry "GER"]
[WhiteClock "0:07:34"]
[BlackClock "0:00:09"]

1. e4 g6 2. Nc3 Bg7 3. f4 d6 4. Nf3 a6 5. a4 Nf6 6. Bc4 O-O 7. d3 c6 8. O-O d5
9. Bb3 a5 10. Qe1 Na6 11. e5 Ne8 12. Be3 Bg4 13. d4 f6 14. Qg3 Bxf3 15. Rxf3 f5
16. h4 Nec7 17. h5 Qe8 18. Kf2 gxh5 19. Qh4 Kh8 20. Ne2 Rg8 21. Rh1 Bf8 22.
Rfh3 e6 23. Ng3 Rg4 24. Qxh5 Qxh5 25. Nxh5 h6 26. c3 Ne8 27. Bd1 Rg6 28. g4
fxg4 29. Rg3 Ng7 30. Nxg7 Rxg7 31. Rxh6+ Kg8 32. Bxg4 Nc7 33. Bxe6+ Nxe6 34.
Rxe6 Kf7 35. Rf6+ Ke7 36. Rxg7+ Bxg7 37. Rg6 Bf8 38. f5 b5 39. Bg5+ Ke8 40. e6
Ra7 41. f6 1-0

[Event "Deutsche Schnellschachmeisterschaft 201"]
[Site "Gladenbach"]
[Date "2013.09.29"]
[Round "9.1"]
[White "Donchenko, Anatoli"]
[Black "Kraemer, Martin"]
[Result "0-1"]
[WhiteElo "2467"]
[BlackElo "2542"]
[PlyCount "112"]
[EventDate "2013.09.??"]
[EventType "swiss (rapid)"]
[EventRounds "9"]
[EventCountry "GER"]
[WhiteClock "0:02:58"]
[BlackClock "0:01:56"]

1. Nf3 Nf6 2. d4 e6 3. c4 d5 4. e3 b6 5. Nbd2 Bb7 6. Be2 Bd6 7. b3 O-O 8. Bb2
Nbd7 9. O-O Qe7 10. Rc1 Rfd8 11. Ne5 c5 12. Nxd7 Rxd7 13. cxd5 exd5 14. Qc2 Rc8
15. Qf5 Qe6 16. Qg5 h6 17. Qh4 Be7 18. Qg3 Bd6 19. Qh4 Be7 20. Qg3 Rdd8 21.
Rfd1 g6 22. dxc5 bxc5 23. Qe5 Qxe5 24. Bxe5 Nd7 25. Bb2 Nf8 26. Nf3 Ne6 27. h3
f6 28. Bd3 Kf7 29. Nh4 f5 30. Nf3 Bf6 31. Ne5+ Kg7 32. f4 d4 33. Bc4 Bd5 34.
Bxd5 Rxd5 35. exd4 Nxf4 36. dxc5 Bxe5 37. Rxd5 Bxb2 38. Rd7+ Kf6 39. Rc2 Ba3
40. c6 Ne6 41. Kf1 Bc5 42. b4 Bxb4 43. Rxa7 Bc5 44. Ra6 f4 45. a4 Ke5 46. Rb2
Kd6 47. c7+ Kd5 48. Rd2+ Nd4 49. Rxg6 Rxc7 50. Rxh6 Rb7 51. Rh5+ Kc4 52. Rd1
Rb2 53. Rc1+ Nc2 54. a5 Be3 55. Rd1 Nd4 56. Ra1 Rf2+ 0-1

[Event "Deutsche Schnellschachmeisterschaft 201"]
[Site "Gladenbach"]
[Date "2013.09.29"]
[Round "9.2"]
[White "Glek, Igor"]
[Black "Bode, Wilfried"]
[Result "1/2-1/2"]
[WhiteElo "2460"]
[BlackElo "2329"]
[PlyCount "84"]
[EventDate "2013.09.??"]
[EventType "swiss (rapid)"]
[EventRounds "9"]
[EventCountry "GER"]
[WhiteClock "0:05:49"]
[BlackClock "0:05:41"]

1. e4 g6 2. d4 Bg7 3. Nf3 d6 4. c3 Nf6 5. Bd3 O-O 6. O-O Nc6 7. d5 Nb8 8. c4
Bg4 9. Nbd2 Nbd7 10. h3 Bxf3 11. Nxf3 Nc5 12. Re1 Nxd3 13. Qxd3 Nd7 14. Rb1 c6
15. Be3 Qa5 16. a3 Qa6 17. b4 Rfc8 18. Rec1 Ne5 19. Nxe5 Bxe5 20. Qb3 cxd5 21.
exd5 b6 22. a4 Rc7 23. Rc2 Qc8 24. Rbc1 Qf5 25. c5 bxc5 26. bxc5 dxc5 27. Rxc5
Rxc5 28. Rxc5 Bd6 29. Rc1 Rc8 30. Rxc8+ Qxc8 31. Kf1 a6 32. Ke2 f5 33. f4 Kf7
34. g3 e6 35. Kd3 Ke7 36. Bd4 Qa8 37. dxe6 Qe4+ 38. Kc3 Qf3+ 39. Kc4 Qc6+ 40.
Kd3 Qe4+ 41. Kc3 Qf3+ 42. Kc4 Qc6+ 1/2-1/2